00634nam a2200157 i 4500001000700000003000900007005001700016008004100033080001500074100004100089245007900130260007700209300002200286650002700308852014100335162060ES-MaACL20230906212423.0990325s1877 sp |||| | spa d a741.5(091)1 aPicón, Jacinto Octavio,d1852-192310aApuntes para la historia de la caricatura / cpor Jacinto Octavio Picón. aMadrid : b[s.n.], c1877 (fEstabl. Tipográfico J. C. Conde y Cía.) a136 p. ; c25 cm. 4aCaricatura-vHistoria. aES-MaACLjT-316-F-1 z.- Enc. hol. z. - Dedicatoria autógrafa del autorq. - Falto de la cub. original z. - Enc. en un vol. facticio